| 000 | 00687nam a2200229 a 4500 | ||
|---|---|---|---|
| 003 | PILC | ||
| 005 | 20150908140704.0 | ||
| 008 | 100817s19uu xx 00 eng d | ||
| 020 | _a9789814227551 | ||
| 050 |
_aRT 41 _b.D325 2007 |
||
| 100 | _aDaniels, Rick. | ||
| 245 |
_aContemporary medical-surgical nursing / _cRick Daniels, Laura Nosek, Leslie Nicoll. |
||
| 260 |
_aSingapore : _bThomson Delmar Learning, _c2007. |
||
| 300 |
_avarious pages : _billustrations ; _c24 cm. |
||
| 500 | _aVolume 1 Volume2 | ||
| 650 |
_aMedical _xSurgical nursing. |
||
| 700 | _aNosek, Laura John | ||
| 700 | _aNicoll, Leslie H. | ||
| 942 |
_cBK _2lcc _kFOR |
||
| 999 |
_c23945 _d23945 |
||